Principes de grammaire générale (Record no. 164249)

MARC details
000 -LEADER
campo de control de longitud fija 00840nam a2200205 i 4500
001 - NÚMERO DE CONTROL
campo de control 164249
003 - IDENTIFICADOR DE NÚMERO DE CONTROL
campo de control ES-MaACL
005 - FECHA Y HORA DE LA ÚLTIMA TRANSACCIÓN
campo de control 20250919063047.0
008 - DATOS DE LONGITUD FIJA--INFORMACIÓN GENERAL
campo de control de longitud fija 991214s1840 fr |||| | fre d
040 ## - FUENTE DE CATALOGACIÓN
Centro catalogador/agencia de origen CCPB | B
Lengua de catalogación spa
Centro/agencia transcriptor CCPB | B
100 1# - ENTRADA PRINCIPAL--NOMBRE DE PERSONA
Nombre de persona Silvestre de Sacy, Antoine-Isaac,
Fechas asociadas al nombre 1758-1838
9 (RLIN) 132262
245 10 - MENCIÓN DEL TÍTULO
Título Principes de grammaire générale
Resto del título : mis a la portée des enfants et propres a servir d'introduction a l'etude de toutes les langues /
Mención de responsabilidad, etc. par A. I. Sylvestre de Sacy.
250 ## - MENCION DE EDICION
Mención de edición 7e éd.
260 ## - PUBLICACIÓN, DISTRIBUCIÓN, ETC.
Lugar de publicación, distribución, etc. Paris :
Nombre del editor, distribuidor, etc. chez L. Hachette,
Fecha de publicación, distribución, etc. 1840 (
Fabricante Imprimerie Panckoucke)
300 ## - DESCRIPCIÓN FÍSICA
Extensión 264 p. ;
Dimensiones 19 cm.
594 ## - Nota al título y mención de responsabilidad
Nota al título y mención de responsabilidad Encabezamiento tomado de Larousse, P., "Grand. dict. univ. ...", t. XIV, p. 35.
650 #4 - PUNTO DE ACCESO ADICIONAL DE MATERIA--TÉRMINO DE MATERIA
Término de materia o nombre geográfico como elemento de entrada Lengua francesa-
Subdivisión general Gramática.
9 (RLIN) 14220
852 ## - LOCALIZACIÓN
Ubicación ES-MaACL
Número de control de estantería D-426
Nota libre -- Rust.
Holdings
Estatus retirado Estado de pérdida Estado de daño No para préstamo Colección Biblioteca de origen Biblioteca actual Ubicación en estantería Fecha de adquisición Fuente de adquisición Total de préstamos Signatura topográfica completa Código de barras Visto por última vez Precio de reemplazo Tipo de ítem Koha
        Libros del s. XIX Biblioteca del Ateneo de Madrid Biblioteca del Ateneo de Madrid Sala Valle Inclán 17/01/2008     D-426 901172151 23/02/2023 23/02/2023 Libro impreso antiguo